[Event "17th Liberec Open 2017"]
[Site "masterchessopen.com Liberec CZE"]
[Date "2017.03.03"]
[Round "8"]
[White "Liska,Ji2"]
[Black "Odaeva,Bibihanapiya"]
[Result "1-0"]
[WhiteElo "2197"]
[BlackElo "1801"]

1.Nf3 Nf6 2.c4 g6 3.g3 Bg7 4.Bg2 O-O 5.O-O d5 6.d4 dxc4 7.Ne5 c6 8.Nxc4 Be6
9.Qd3 Nd5 10.Rd1 Na6 11.a3 Qc8 12.e4 Nb6 13.Nxb6 axb6 14.Nc3 Rd8 15.d5 Bg4
16.f3 Bh3 17.Be3 Nc5 18.Qc4 Bxg2 19.Kxg2 Nd7 20.Qe2 c5 21.Bg5 Re8 22.Nb5 c4
23.d6 exd6 24.Nxd6 Qc6 25.Nxe8 Rxe8 26.Bf4 Qa4 27.Rac1 Rc8 28.b3 Qc6 {#r} 1-0

[Event "17th Liberec Open 2017"]
[Site "masterchessopen.com Liberec CZE"]
[Date "2017.03.03"]
[Round "8"]
[White "Jenisch,Achim"]
[Black "Racnik,Tone"]
[Result "1-0"]
[WhiteElo "1904"]
[BlackElo "2058"]

1.e4 d6 2.d4 Nf6 3.Nc3 g6 4.Bg5 c6 5.Qd2 b5 6.a3 Qa5 7.e5 dxe5 8.dxe5 b4
9.exf6 bxc3 10.bxc3 e6 11.Nf3 Nd7 12.Be2 h6 13.Bf4 e5 14.Bg3 h5 15.Rd1 Bh6
16.Qd3 O-O 17.O-O Re8 18.Nh4 Nxf6 19.Nxg6 fxg6 20.Qxg6+ Bg7 21.Bh4 Rf8 22.Rd6
Nd5 23.Qxh5 Qc7 24.Rg6 Nf4 25.Bc4+ Nd5 26.Bg3 Bf5 27.Rg5 Qf7 28.Qh4 Qf6 29.Re1
Rf7 30.Rxe5 Be6 31.Bd3 Rb8 32.h3 Rb1+ 33.Kh2 Nf4 34.Re4 Ng6 35.Qh5 Nf8 36.Be5
Qxf2 37.Bxg7 Rxg7 38.Rxg7+ Kxg7 39.Qg5+ Ng6 40.Rxe6 Qf4+ 41.Qxf4 {#r} 1-0

[Event "17th Liberec Open 2017"]
[Site "masterchessopen.com Liberec CZE"]
[Date "2017.03.03"]
[Round "8"]
[White "Yalkanova,Merjen"]
[Black "Bradac,Daniel"]
[Result "1-0"]
[WhiteElo "1898"]
[BlackElo "2002"]

1.d4 Nf6 2.Nf3 g6 3.Nbd2 Bg7 4.e4 d6 5.c3 O-O 6.Bc4 Nbd7 7.e5 Nh5 8.e6 Nb6
9.exf7+ Kh8 10.Bd3 Nf4 11.Bf1 Rxf7 12.g3 Nh3 13.Bxh3 Bxh3 14.Ng5 Rf8 15.Nxh3
Qd7 16.Ng5 Qf5 17.Ngf3 e5 18.O-O e4 19.Nh4 Qe6 20.Re1 d5 21.f3 c5 22.dxc5 Nd7
23.Nb3 Qh3 24.fxe4 Nf6 25.Qe2 Ng4 26.Qg2 Qxg2+ 27.Nxg2 Ne5 28.Nd4 Nd3 29.Re2
dxe4 30.Ne6 Rfe8 31.Nc7 {#r} 1-0

[Event "17th Liberec Open 2017"]
[Site "masterchessopen.com Liberec CZE"]
[Date "2017.03.03"]
[Round "8"]
[White "Kunc,Jan"]
[Black "Briza,J"]
[Result "1-0"]
[WhiteElo "1847"]
[BlackElo "1975"]

1.e4 e5 2.Nf3 Nc6 3.Bb5 Nf6 4.O-O Nxe4 5.d4 Nd6 6.Bxc6 dxc6 7.dxe5 Nf5 8.Qxd8+
Kxd8 9.Nc3 Ke8 10.Ne4 h6 11.h3 Be7 12.g4 Nh4 13.Nxh4 Bxh4 14.Kg2 b6 15.Bf4 Be6
16.b3 Kd8 17.Bg3 Be7 18.f4 Kc8 19.Kf3 g6 20.Ke3 Kb7 21.f5 gxf5 22.gxf5 Bd5
23.c4 Bxe4 24.Kxe4 Rhg8 25.Bf2 Rg2 26.Rad1 Re8 27.Kf3 Rg5 28.Kf4 f6 29.e6 Bd6+
30.Ke4 Rg2 31.Rd2 Reg8 32.Be3 R2g3 33.Rf3 Kc8 34.Bf4 Rg2 35.Rff2 Rxf2 36.Rxf2
h5 37.Rd2 Bxf4 38.Kxf4 c5 39.Rd7 Rg1 40.Rf7 {#r} 1-0

[Event "17th Liberec Open 2017"]
[Site "masterchessopen.com Liberec CZE"]
[Date "2017.03.03"]
[Round "8"]
[White "Radzicki,W"]
[Black "Grzesik,N"]
[Result "0-1"]
[WhiteElo "1703"]
[BlackElo "1968"]

1.e4 d6 2.d4 Nf6 3.Nc3 g6 4.Nf3 Bg7 5.Be2 O-O 6.h3 Na6 7.Be3 c5 8.Qd2 cxd4
9.Nxd4 Nc5 10.Bf3 a6 11.O-O Qc7 12.Nd5 Nxd5 13.exd5 b5 14.Rad1 Bb7 15.c3 Nd7
16.Nc2 Ne5 17.Be2 Nc4 18.Bxc4 Qxc4 19.a3 Qb3 20.Ne1 Rac8 21.Nc2 Qxb2 22.Bd4
Bxd4 23.Nxd4 Qxd2 24.Rxd2 Rxc3 25.Re1 Re8 26.a4 bxa4 {#R} 0-1

[Event "17th Liberec Open 2017"]
[Site "masterchessopen.com Liberec CZE"]
[Date "2017.03.03"]
[Round "8"]
[White "Turp,Hueseyin"]
[Black "Duda,A"]
[Result "0-1"]
[WhiteElo "1680"]
[BlackElo "2079"]

1.d4 d5 2.Bg5 Nf6 3.Nf3 c5 4.e3 Bg4 5.Be2 Nc6 6.c3 e6 7.Bf4 Bd6 8.Ne5 Bxe2
9.Qxe2 Rc8 10.Nd2 O-O 11.O-O Qc7 12.Ndf3 Ne4 13.Nd3 c4 14.Bxd6 cxd3 15.Bxc7
dxe2 16.Rfe1 Rxc7 17.Rxe2 b5 18.a3 a5 19.Ne1 b4 20.axb4 axb4 21.f3 Nd6 22.Nd3
bxc3 23.bxc3 Rcc8 24.Nc5 Nd8 25.e4 dxe4 26.fxe4 N6b7 27.Re3 {#R} 0-1

[Event "17th Liberec Open 2017"]
[Site "masterchessopen.com Liberec CZE"]
[Date "2017.03.03"]
[Round "8"]
[White "Vlkova,Anezka"]
[Black "Svec,L"]
[Result "1-0"]
[WhiteElo "1962"]
[BlackElo "1716"]

1.e4 c5 2.Nc3 e6 3.g3 d5 4.exd5 exd5 5.Bg2 Nf6 6.d3 Be7 7.Bg5 Be6 8.Nge2 Nc6
9.O-O h6 10.Bxf6 Bxf6 11.Nf4 O-O 12.Ncxd5 Re8 13.Re1 Rb8 14.Nxe6 fxe6 15.Nxf6+
Qxf6 16.c3 Rbd8 17.Re3 g6 18.Qa4 Rd6 19.Qb5 Red8 20.Qxc5 Rxd3 21.Rxd3 Rxd3
22.Bxc6 bxc6 23.Qxc6 Rd2 24.Qc8+ Kf7 25.Qb7+ Kg8 26.Qb8+ Kf7 27.Qxa7+ Kg8
28.Qb6 Qe5 29.a4 Qe2 30.Qe3 Qxe3 31.fxe3 Rxb2 32.a5 Rb7 33.a6 Ra7 34.Kf2 Kf7
35.Kf3 Kf6 36.Ke4 h5 37.c4 g5 38.c5 {#r} 1-0

[Event "17th Liberec Open 2017"]
[Site "masterchessopen.com Liberec CZE"]
[Date "2017.03.03"]
[Round "8"]
[White "Novotny,Martin"]
[Black "Wrzecionko,David"]
[Result "1-0"]
[WhiteElo "1830"]
[BlackElo "1688"]

1.d4 b5 2.e4 Bb7 3.Bd3 Nf6 4.Nd2 a6 5.Ngf3 e6 6.O-O c5 7.dxc5 Bxc5 8.c3 O-O
9.e5 Nd5 10.Ne4 Be7 11.Nfg5 f5 12.exf6 Nxf6 13.Nxf6+ Bxf6 14.Bxh7+ Kh8 15.Qh5
Bxg5 16.Bxg5 Qc7 17.Bg6+ {#r} 1-0

[Event "17th Liberec Open 2017"]
[Site "masterchessopen.com Liberec CZE"]
[Date "2017.03.03"]
[Round "8"]
[White "Trinkl,Andreas"]
[Black "Mary,Alfraid"]
[Result "1-0"]
[WhiteElo "1792"]
[BlackElo "1602"]

1.e4 c6 2.d4 d5 3.e5 Bf5 4.h4 h5 5.Bg5 Nd7 6.Bd3 Bxd3 7.Qxd3 Qa5+ 8.Bd2 Qb6
9.Nf3 Qxb2 10.O-O Qxa1 11.Qb3 a5 12.Nc3 Qxf1+ 13.Kxf1 b5 14.a4 b4 15.Nxd5 cxd5
16.Qxd5 Rc8 17.e6 fxe6 18.Qxe6 Nh6 19.Ne5 Rd8 20.Qg6+ {#r} 1-0

[Event "183rd MGU Open 2017"]
[Site "masterchessopen.com Sofia BUL"]
[Date "2017.03.04"]
[Round "1.1"]
[White "Gelemerov,Yane"]
[Black "Vladov,Lyubomir"]
[Result "1-0"]
[WhiteElo "2013"]
[BlackElo "1700"]

1.e4 c5 2.Nc3 Nc6 3.Bb5 g6 4.Bxc6 dxc6 5.d3 Bg7 6.Nf3 Nf6 7.O-O O-O 8.Be3 b6
9.Qd2 Ng4 10.Bg5 f6 11.Bh4 Qd6 12.h3 Nh6 13.Bg3 e5 14.Rae1 Nf7 15.Qe2 Bh6
16.Nh2 Bf4 17.Ng4 Bxg3 18.fxg3 Bxg4 19.Qxg4 Ng5 20.Rf2 Qe6 21.Qe2 h5 22.b3 Nf7
23.Nd1 Nd6 24.Ne3 Kg7 25.g4 hxg4 26.Nxg4 Rf7 27.Ref1 Raf8 28.Qe3 g5 29.Qe2 Ne8
30.Ne3 Rh8 31.Nf5+ Kg6 32.Qg4 Rfh7 33.Rf3 Kf7 34.Ne3 Qxg4 35.Nxg4 Ke7 36.Nxf6
Nxf6 37.Rxf6 g4 38.Kh2 gxh3 39.g3 Kd7 40.Rg6 {#r} 1-0

[Event "183rd MGU Open 2017"]
[Site "masterchessopen.com Sofia BUL"]
[Date "2017.03.04"]
[Round "1.2"]
[White "Kostov,N"]
[Black "Kolev,Nikola"]
[Result "1-0"]
[WhiteElo "1653"]
[BlackElo "1869"]

1.d4 Nf6 2.c4 g6 3.Nf3 Bg7 4.Nc3 d5 5.e3 O-O 6.cxd5 Nxd5 7.Qb3 e6 8.e4 Nxc3
9.Qxc3 Nc6 10.Be3 f5 11.e5 f4 12.Bd2 Bd7 13.h4 h6 14.O-O-O Ne7 15.Bc4 b5
16.Bb3 a5 17.Qd3 Qc8 18.Bc2 h5 19.Rhg1 b4 20.g3 fxg3 21.Rxg3 Be8 22.Rg5 Qb7
23.Rg3 Bc6 24.Ng5 Bd5 25.Bb3 a4 26.Bxd5 Qxd5 27.Kb1 b3 28.a3 Rxf2 29.Ne4 Rf5
30.Bg5 Kf7 31.Bxe7 Kxe7 32.Rxg6 Bh8 33.Ng5 Raf8 34.Rxe6+ {#r} 1-0

[Event "183rd MGU Open 2017"]
[Site "masterchessopen.com Sofia BUL"]
[Date "2017.03.04"]
[Round "1.5"]
[White "Petkov,Martin"]
[Black "Sapareva,Magdalena"]
[Result "1-0"]
[WhiteElo "1798"]
[BlackElo "1479"]

1.e4 e5 2.f4 Nc6 3.Nf3 d6 4.Bc4 h6 5.O-O Bg4 6.c3 Qd7 7.Qb3 Na5 8.Bxf7+ Qxf7
9.Qb5+ c6 10.Qxa5 Qc4 11.fxe5 b6 12.Qa3 Bxf3 13.Rxf3 c5 14.d3 Qe6 15.Qa4+ Ke7
16.exd6+ Qxd6 17.Bf4 Qd7 18.Qc4 Nf6 19.Na3 a6 20.Nc2 Qe6 21.Qa4 g5 22.Bg3 g4
23.Rf5 h5 24.Re5 {#r} 1-0

[Event "183rd MGU Open 2017"]
[Site "masterchessopen.com Sofia BUL"]
[Date "2017.03.04"]
[Round "2.1"]
[White "Timev,Anzhelo"]
[Black "Gelemerov,Yane"]
[Result "1-0"]
[WhiteElo "1779"]
[BlackElo "2013"]

1.d4 Nf6 2.Nf3 e6 3.c4 Bb4+ 4.Bd2 Bxd2+ 5.Nbxd2 d6 6.e4 Nc6 7.Be2 e5 8.dxe5
dxe5 9.O-O O-O 10.Rc1 Qe7 11.a3 Rd8 12.Qc2 Nh5 13.Rfd1 Nf4 14.Nf1 Bg4 15.Ne3
Bxf3 16.Bxf3 Nd4 17.Rxd4 exd4 18.Nf5 Qe5 19.Qd2 c5 20.g3 Ne6 21.Bg2 Rd7 22.f4
Qf6 23.Bh3 Re8 24.Qd1 g6 25.Nh6+ Kh8 26.Ng4 {#r} 1-0

[Event "183rd MGU Open 2017"]
[Site "masterchessopen.com Sofia BUL"]
[Date "2017.03.04"]
[Round "2.3"]
[White "Ruschukov,Boyan"]
[Black "Kostov,N"]
[Result "0-1"]
[WhiteElo "1828"]
[BlackElo "1653"]

1.d4 Nf6 2.c4 e6 3.g3 d5 4.Bg2 c6 5.Nc3 Be7 6.Nf3 O-O 7.O-O dxc4 8.Ne5 Nd5
9.Nxc4 Nxc3 10.bxc3 Nd7 11.e4 Nb6 12.Ne3 Qc7 13.a4 Rd8 14.a5 Nd7 15.Qb3 e5
16.Nf5 Bf8 17.Rd1 c5 18.d5 Bd6 19.c4 a6 20.f4 Rb8 21.Nxd6 Qxd6 22.Be3 f6
23.Qa3 b6 24.Bh3 exf4 25.gxf4 b5 26.cxb5 axb5 27.Bxd7 Qxd7 28.Bxc5 b4 29.Qg3
Rb5 30.Bd4 Qe7 31.Re1 Ba6 32.Bb6 Rc8 33.Re3 b3 34.d6 b2 35.Rb1 Qxd6 36.Ree1
Rc2 37.e5 fxe5 38.fxe5 Qe6 39.Rbd1 Rc8 40.Qg5 Rxb6 41.Rd8+ Rxd8 42.Qxd8+ Kf7
43.Qc7+ Kf8 44.Qd8+ Kf7 45.Qxb6 Qg4+ 46.Kf2 Qh4+ 47.Kf3 Qxe1 48.Qxb2 Qh1+
49.Kg3 Qg1+ {#R} 0-1

[Event "183rd MGU Open 2017"]
[Site "masterchessopen.com Sofia BUL"]
[Date "2017.03.04"]
[Round "2.5"]
[White "Grabcheva,Natalia"]
[Black "Georgiev,Nikolay"]
[Result "1-0"]
[WhiteElo "1602"]
[BlackElo "1585"]

1.Nf3 d5 2.d4 Nf6 3.b3 Bf5 4.Bb2 e6 5.e3 Nbd7 6.Bd3 Bd6 7.Bxf5 exf5 8.Nbd2 O-O
9.O-O c6 10.c4 Re8 11.Rc1 Bf8 12.Ne5 dxc4 13.Ndxc4 Nd5 14.Nxd7 Qxd7 15.Ne5 Qd6
16.Nc4 Qc7 17.Ba3 Bxa3 18.Nxa3 f4 19.Qf3 Qa5 20.e4 Nb4 21.Nc4 Qxa2 22.Qc3 a5
23.Nb2 Rxe4 24.Ra1 Nd5 25.Qc2 Nb4 26.Qxe4 Qxb2 27.Rxa5 Rd8 28.Qxf4 Qxb3 29.Qd6
Re8 30.Re5 Ra8 31.Ra5 Na6 32.h3 h6 33.Qd7 Qb4 34.Raa1 {#r} 1-0

[Event "183rd MGU Open 2017"]
[Site "masterchessopen.com Sofia BUL"]
[Date "2017.03.04"]
[Round "3.2"]
[White "Petkov,Martin"]
[Black "Grabcheva,Natalia"]
[Result "1-0"]
[WhiteElo "1798"]
[BlackElo "1602"]

1.d4 Nf6 2.c4 g6 3.Nc3 Bg7 4.e4 d6 5.Nf3 O-O 6.Be2 Nbd7 7.Be3 b6 8.O-O Bb7
9.Nd2 e5 10.d5 Nc5 11.b4 Ncd7 12.c5 bxc5 13.bxc5 Nxc5 14.Bxc5 dxc5 15.Rb1 Qc8
16.Qa4 Rd8 17.Nc4 c6 18.Na5 Ba6 19.Nxc6 Bxe2 20.Nxe2 Re8 21.f3 Nd7 22.Nc3 Nb6
23.Qb5 Nd7 24.Rb2 Bh6 25.Rfb1 Be3+ 26.Kh1 Bd4 27.Rb3 Nb6 28.Na4 Nxa4 29.Qxa4
f5 30.Qc4 Kh8 31.Rb7 fxe4 32.d6 Rf8 33.Qd5 exf3 34.d7 fxg2+ 35.Kxg2 Rf2+
36.Kh1 Qf8 37.Rb8 Rxb8 38.Rxb8 Rf1+ 39.Kg2 Rg1+ 40.Kh3 {#r} 1-0

[Event "183rd MGU Open 2017"]
[Site "masterchessopen.com Sofia BUL"]
[Date "2017.03.04"]
[Round "3.8"]
[White "Georgiev,Nikolay"]
[Black "Kononenko,Vladimir"]
[Result "1-0"]
[WhiteElo "1585"]
[BlackElo "1375"]

1.e4 e5 2.Nc3 Nf6 3.Bc4 Nc6 4.d3 h6 5.a3 Bc5 6.Nf3 d6 7.Na4 Bb6 8.Nxb6 axb6
9.h3 Na5 10.Ba2 Be6 11.Bxe6 fxe6 12.Be3 Nc6 13.Qe2 b5 14.O-O O-O 15.Nd2 d5
16.Bc5 Rf7 17.f4 b6 18.fxe5 bxc5 19.exf6 Rxf6 20.Rxf6 Qxf6 21.c3 b4 22.Rf1 Qg6
23.Nb1 Rf8 24.Rxf8+ Kxf8 25.exd5 exd5 26.Qf3+ Qf7 27.Qxf7+ Kxf7 28.Kf2 b3
29.Nd2 Na5 30.Ke3 Ke6 31.c4 d4+ 32.Ke4 c6 33.g3 g6 34.Kf4 Kf6 35.h4 h5 36.g4
hxg4 37.Kxg4 Kf7 38.Kg5 Kg7 39.Ne4 Nb7 40.Kf4 Kf7 41.Ke5 Ke7 42.a4 Kf7 43.Nd6+
{#r} 1-0

[Event "183rd MGU Open 2017"]
[Site "masterchessopen.com Sofia BUL"]
[Date "2017.03.05"]
[Round "4.2"]
[White "Karaivanova,Petya"]
[Black "Kostov,N"]
[Result "1-0"]
[WhiteElo "1586"]
[BlackElo "1653"]

1.e4 e5 2.Nf3 Nc6 3.Bc4 Nf6 4.d3 Be7 5.O-O d6 6.c3 O-O 7.Nbd2 Be6 8.Bb5 Nd7
9.Re1 a6 10.Ba4 b5 11.Bc2 d5 12.exd5 Bxd5 13.Nf1 Bf6 14.Ng3 g6 15.Bh6 Re8
16.Nd2 Bh8 17.Nge4 Bg7 18.Bxg7 Kxg7 19.Bb3 Bxb3 20.Qxb3 f5 21.Ng3 Nc5 22.Qc2
Qxd3 {#r} 1-0

[Event "183rd MGU Open 2017"]
[Site "masterchessopen.com Sofia BUL"]
[Date "2017.03.05"]
[Round "4.3"]
[White "Kolev,Nikola"]
[Black "Gelemerov,Yane"]
[Result "1-0"]
[WhiteElo "1869"]
[BlackElo "2013"]

1.Nf3 Nf6 2.g3 b5 3.Bg2 Bb7 4.O-O e6 5.d4 Be7 6.c3 a5 7.Bg5 O-O 8.Nbd2 Na6
9.Re1 h6 10.Bxf6 Bxf6 11.e4 d6 12.Qe2 Qd7 13.e5 Be7 14.h4 Rfd8 15.Rad1 Rab8
16.g4 g6 17.Ne4 Kg7 18.g5 Bxe4 19.Qxe4 Rh8 20.d5 hxg5 21.hxg5 exd5 22.Qd4 Kh7
23.Qxd5 Kg8 24.e6 fxe6 25.Rxe6 Kf8 26.Ne5 Qe8 27.Nc6 Rh7 28.Rde1 {#r} 1-0

[Event "183rd MGU Open 2017"]
[Site "masterchessopen.com Sofia BUL"]
[Date "2017.03.05"]
[Round "4.5"]
[White "Ruschukov,Boyan"]
[Black "Babatov,Martin"]
[Result "1-0"]
[WhiteElo "1828"]
[BlackElo "1711"]

1.d4 b6 2.e4 Bb7 3.f3 e6 4.c4 Bxe4 5.fxe4 Qh4+ 6.Kd2 Qxe4 7.Nf3 Bb4+ 8.Nc3 Nc6
9.a3 Bxc3+ 10.bxc3 Nf6 11.Bd3 Qg4 12.Qe2 O-O 13.Kc2 d5 14.Ne5 Nxe5 15.dxe5
dxc4 16.Bxc4 Qxe2+ 17.Bxe2 Nd7 18.Bf4 h6 19.Rad1 Rfd8 20.Bf3 Rab8 21.Rd2 Nc5
22.Rhd1 Rxd2+ 23.Rxd2 Kf8 24.Be3 Ke7 25.Bc6 Rc8 26.Bxc5+ bxc5 27.Rd7+ Kf8
28.Bb7 {#r} 1-0

[Event "183rd MGU Open 2017"]
[Site "masterchessopen.com Sofia BUL"]
[Date "2017.03.05"]
[Round "5.2"]
[White "Karaivanova,Petya"]
[Black "Kolev,Nikola"]
[Result "0-1"]
[WhiteElo "1586"]
[BlackElo "1869"]

1.e4 c5 2.Nf3 g6 3.d4 cxd4 4.Nxd4 Bg7 5.Nc3 Nc6 6.Be3 Nf6 7.f3 O-O 8.Qd2 d5
9.exd5 Nxd5 10.Nxc6 bxc6 11.Nxd5 cxd5 12.c3 e5 13.Bh6 Qh4+ {#R} 0-1

[Event "183rd MGU Open 2017"]
[Site "masterchessopen.com Sofia BUL"]
[Date "2017.03.05"]
[Round "5.6"]
[White "Babatov,Martin"]
[Black "Georgiev,Nikolay"]
[Result "1-0"]
[WhiteElo "1711"]
[BlackElo "1585"]

1.d4 d5 2.c4 c6 3.cxd5 cxd5 4.Nc3 Nf6 5.Qb3 Nc6 6.e3 Rb8 7.Bd3 Bg4 8.Nf3 e6
9.Bd2 Bd6 10.Nb5 Be7 11.Rc1 Bxf3 12.gxf3 O-O 13.Rg1 a6 14.Nc3 Bd6 15.h3 Nh5
16.a3 Qh4 17.Qc2 f5 18.Ke2 Rf6 19.Rg2 Qxh3 20.Rcg1 Bh2 21.Na4 Bxg1 22.Rxg1 Qh2
23.Qc1 Rbf8 24.Nc5 Nd8 25.Nd7 Rg6 26.Rxg6 hxg6 27.Nxf8 Kxf8 28.Qc8 Qd6 29.Bb4
{#r} 1-0

[Event "183rd MGU Open 2017"]
[Site "masterchessopen.com Sofia BUL"]
[Date "2017.03.05"]
[Round "6.4"]
[White "Ruschukov,Boyan"]
[Black "Gelemerov,Yane"]
[Result "1-0"]
[WhiteElo "1828"]
[BlackElo "2013"]

1.d4 Nf6 2.c4 d6 3.Nc3 Nbd7 4.Nf3 e5 5.e4 Be7 6.Be2 c6 7.O-O Qc7 8.Re1 a6 9.a4
O-O 10.b3 Re8 11.Bb2 Nf8 12.d5 Ng6 13.g3 h6 14.a5 Bh3 15.Nd2 Rad8 16.b4 Rf8
17.b5 cxd5 18.cxd5 Bc8 19.Nb3 Nd7 20.Rc1 Nc5 21.Na4 axb5 22.Bxb5 Bd7 23.Qe2
Rc8 24.Bxd7 Qxd7 25.Nb6 Qd8 26.Nxc8 Nxb3 27.Nxe7+ Nxe7 28.Rc4 Nxa5 29.Ra4 b6
30.Bc3 Nb7 31.Rea1 Qd7 32.Ra8 Nc8 33.Bb4 f5 34.f3 h5 35.exf5 Qxf5 36.Rc1 Nc5
37.Bxc5 bxc5 38.Qe4 Qf7 39.Rb1 Ne7 40.Rbb8 Ng6 41.Rxf8+ Nxf8 42.Ra6 Qf6 43.f4
Ng6 44.fxe5 Nxe5 45.Qf4 Qg6 46.Rb6 c4 47.Qxe5 {#r} 1-0

[Event "183rd MGU Open 2017"]
[Site "masterchessopen.com Sofia BUL"]
[Date "2017.03.05"]
[Round "6.6"]
[White "Metev,M"]
[Black "Georgiev,Nikolay"]
[Result "1-0"]
[WhiteElo "2000"]
[BlackElo "1585"]

1.e4 e5 2.Nf3 Nc6 3.Bb5 Bc5 4.O-O Nf6 5.Bxc6 dxc6 6.Nxe5 Nxe4 7.Qe2 Qd5 8.Nxc6
Qxc6 9.d3 O-O 10.Qxe4 Qxe4 11.dxe4 Re8 12.Re1 Bf5 13.Nd2 Bg6 14.Kf1 Bd6 15.g3
f5 16.f3 Re7 17.exf5 Rxe1+ 18.Kxe1 Re8+ 19.Kd1 Bxf5 20.Nc4 Kf7 21.Bd2 Bh3
22.c3 Bf1 23.Ne3 Bd3 24.f4 Bc5 25.Nc2 Bg1 26.h3 Bxc2+ 27.Kxc2 Bf2 28.g4 Bg3
29.Kd3 Kf6 30.Be3 a6 31.Rg1 Rd8+ 32.Bd4+ {#r} 1-0

[Event "8th Pfalz Open 2017"]
[Site "masterchessopen.com Neustadt an der Weinstrasse GER"]
[Date "2017.02.28"]
[Round "8.6"]
[White "Deac,Bogdan-Daniel"]
[Black "Ostrovskiy,And"]
[Result "0-1"]
[WhiteElo "2572"]
[BlackElo "2444"]

1.e4 e5 2.Nf3 Nc6 3.Bc4 Bc5 4.d3 Nf6 5.a4 a6 6.O-O h6 7.c3 d6 8.Re1 O-O 9.Nbd2
Be6 10.h3 Re8 11.Bxe6 Rxe6 12.b4 Ba7 13.Qc2 Re8 14.Nb3 Qd7 15.Bd2 Ne7 16.c4
Ng6 17.Be3 Bxe3 18.Rxe3 Nh5 19.d4 Nhf4 20.Ra2 Rad8 21.Kh2 exd4 22.Nbxd4 c5
23.Nf5 Qc7 24.g3 Ne6 25.bxc5 dxc5 26.Qb2 Ne7 27.Raa3 Nc6 28.Rab3 Na5 29.Rbc3
Rd4 30.Qe2 Rd7 31.e5 Nc6 32.N3h4 Red8 33.Qe1 Rd1 34.Qe2 R8d2 {#R} 0-1

[Event "8th Pfalz Open 2017"]
[Site "masterchessopen.com Neustadt an der Weinstrasse GER"]
[Date "2017.02.28"]
[Round "8.8"]
[White "Carow,J"]
[Black "Karpatchev,A"]
[Result "0-1"]
[WhiteElo "2420"]
[BlackElo "2513"]

1.d4 d5 2.c4 dxc4 3.Nf3 Nf6 4.e3 b5 5.a4 b4 6.Bxc4 e6 7.O-O Be7 8.Nbd2 O-O
9.e4 Bb7 10.Qe2 c5 11.e5 Nfd7 12.Nb3 Nb6 13.Bb5 a6 14.Bd3 c4 15.Bxc4 Nxc4
16.Qxc4 a5 17.Rd1 Nd7 18.Qe2 Bd5 19.Qd3 f6 20.exf6 Rxf6 21.Ng5 Rg6 22.Ne4 Ne5
23.Qe3 Ng4 24.Qd3 Bd6 25.h3 Nxf2 26.Nxf2 Rxg2+ 27.Kf1 Qh4 {#R} 0-1

[Event "8th Pfalz Open 2017"]
[Site "masterchessopen.com Neustadt an der Weinstrasse GER"]
[Date "2017.02.28"]
[Round "8.14"]
[White "Wong,Gengchun"]
[Black "Perske,Thore"]
[Result "0-1"]
[WhiteElo "2026"]
[BlackElo "2400"]

1.e4 e6 2.d4 d5 3.Nd2 c5 4.exd5 exd5 5.Ngf3 a6 6.Be2 Nf6 7.O-O Be7 8.dxc5 Bxc5
9.Nb3 Bb6 10.Bg5 O-O 11.c3 Re8 12.h3 h6 13.Bh4 g5 14.Bg3 Nc6 15.Nbd4 Ne4
16.Bh2 Qf6 17.Bd3 g4 18.hxg4 Bxg4 19.Qb3 Nxd4 20.Nxd4 Nd2 21.Qxd5 Nxf1 22.Rxf1
Rad8 23.Qxb7 Bc8 24.Qb8 Bxd4 25.cxd4 Qxd4 26.Bc2 Be6 27.Qg3+ Qg7 28.Qa3 Rd2
29.Bb1 Bc4 30.Rc1 Qxb2 31.Qg3+ Kh8 {#R} 0-1

[Event "8th Pfalz Open 2017"]
[Site "masterchessopen.com Neustadt an der Weinstrasse GER"]
[Date "2017.02.28"]
[Round "8.17"]
[White "Henrich,T"]
[Black "Saraci,Nderim"]
[Result "0-1"]
[WhiteElo "2258"]
[BlackElo "2400"]

1.d4 Nf6 2.c4 e6 3.Nc3 Bb4 4.Nf3 O-O 5.Bg5 d5 6.e3 Nbd7 7.Qc2 c5 8.cxd5 exd5
9.Be2 cxd4 10.Nxd4 Ne5 11.O-O Bxc3 12.Bxf6 Qxf6 13.Qxc3 Nc6 14.Nxc6 bxc6
15.Qxf6 gxf6 16.Rac1 Bd7 17.Rfd1 Rfb8 18.b3 Rb4 19.Rd3 a5 20.a3 Rb6 21.Bd1 Ra7
22.Rd4 Rb5 23.Rc3 Kf8 24.Bc2 h6 25.Rh4 Kg7 26.e4 d4 27.Rd3 Rc5 28.Bd1 Rc1
29.f4 c5 30.Kf2 Bb5 31.Rd2 a4 32.Rg4+ Kf8 33.Rg3 Bc6 34.Bc2 Ke7 35.bxa4 c4
36.Bd1 d3 37.Ke3 c3 38.Rxd3 c2 39.Bxc2 Rxc2 40.e5 Rxa4 41.Rd6 fxe5 42.fxe5
Rxa3+ {#R} 0-1

[Event "8th Pfalz Open 2017"]
[Site "masterchessopen.com Neustadt an der Weinstrasse GER"]
[Date "2017.02.28"]
[Round "8.22"]
[White "Wagner,Han1"]
[Black "Schroeder,Kevin"]
[Result "0-1"]
[WhiteElo "2090"]
[BlackElo "2341"]

1.e4 c5 2.f4 d5 3.Nc3 d4 4.Nce2 Nc6 5.Nf3 Bg4 6.Ng3 Qc7 7.d3 g5 8.f5 f6 9.Be2
h5 10.Nd2 Bxe2 11.Nxe2 Nh6 12.a3 Ng4 13.Nf3 e6 14.c3 exf5 15.cxd4 fxe4 16.dxe4
cxd4 17.h3 Nge5 18.Nxe5 Qxe5 19.Qd3 O-O-O 20.b4 Re8 21.Bb2 Qxe4 22.Qxe4 Rxe4
23.Rd1 Bxb4+ 24.axb4 Rhe8 25.O-O Rxe2 26.Bxd4 Nxd4 27.Rxd4 Re1 28.h4 Rxf1+
29.Kxf1 Re5 30.g3 Kc7 31.Rc4+ Kd6 {#R} 0-1

[Event "8th Pfalz Open 2017"]
[Site "masterchessopen.com Neustadt an der Weinstrasse GER"]
[Date "2017.02.28"]
[Round "8.23"]
[White "Muranyi,K"]
[Black "Engel,B"]
[Result "1-0"]
[WhiteElo "2328"]
[BlackElo "2182"]

1.d4 Nf6 2.c3 d5 3.Bf4 e6 4.e3 Bd6 5.Bg3 Bxg3 6.hxg3 Nbd7 7.Nd2 e5 8.Be2 exd4
9.cxd4 c6 10.Qc2 Qe7 11.Ngf3 Nf8 12.Ne5 N6d7 13.Ndf3 Nxe5 14.Nxe5 Rb8 15.a3 f6
16.Bh5+ {#r} 1-0

[Event "8th Pfalz Open 2017"]
[Site "masterchessopen.com Neustadt an der Weinstrasse GER"]
[Date "2017.02.28"]
[Round "8.24"]
[White "Karsay,Pascal"]
[Black "Podat,V"]
[Result "0-1"]
[WhiteElo "2088"]
[BlackElo "2308"]

1.e4 e5 2.Nf3 Nc6 3.Bb5 Nge7 4.Nc3 Ng6 5.d4 Nxd4 6.Nxd4 exd4 7.Qxd4 c6 8.Be2
Qb6 9.Qd3 Be7 10.O-O O-O 11.Rb1 Re8 12.Be3 Qc7 13.f4 d5 14.exd5 Bd6 15.g3 Bh3
16.Rfe1 Rad8 17.Rbd1 Ne7 18.Bf3 Bf5 19.Qd2 Nxd5 20.Nxd5 cxd5 21.c3 Be4 22.Bg2
Qc6 23.Bd4 b6 24.Qf2 f5 25.Bf1 h6 26.h4 Re6 27.Qh2 Rg6 28.Qf2 Kh7 29.Be2 Qc7
30.Be3 Re6 31.Kh2 Rde8 32.Rd2 Rg8 33.Bd1 Qe7 34.Qf1 g5 35.fxg5 hxg5 36.Bxg5
Rxg5 37.hxg5 Qxg5 38.Rg2 Rh6+ 39.Kg1 Bc5+ {#R} 0-1

[Event "8th Pfalz Open 2017"]
[Site "masterchessopen.com Neustadt an der Weinstrasse GER"]
[Date "2017.02.28"]
[Round "8.25"]
[White "Ehmann,Thilo"]
[Black "Poghosyan,Tigran"]
[Result "0-1"]
[WhiteElo "2291"]
[BlackElo "2080"]

1.e4 c5 2.Nf3 d6 3.d4 cxd4 4.Nxd4 Nf6 5.Nc3 a6 6.f3 e5 7.Nb3 Be7 8.Be3 Be6
9.Qd2 O-O 10.g4 d5 11.exd5 Nxd5 12.Nxd5 Bxd5 13.Bg2 Bh4+ 14.Kd1 Qf6 15.Qe2 Rd8
16.Kc1 Nc6 17.Kb1 Rac8 18.Nd2 Nb4 19.Rc1 Qc6 20.c4 b5 21.a3 Qg6+ 22.Ne4 Bxe4+
23.fxe4 Nd3 24.Rc3 bxc4 25.Ka2 Qc6 26.Qc2 Rb8 27.Rb1 Ne1 28.Qe2 Nd3 29.Qc2 Ne1
30.Qe2 Nxg2 31.Qxg2 Rd3 32.Rbc1 Qb7 33.Rxd3 cxd3 34.b4 Be7 35.Bc5 Bg5 36.Rd1
Qb5 37.Qb2 Qc4+ 38.Ka1 Rd8 39.Bb6 Rd7 40.h4 Bf4 41.Kb1 h6 42.g5 Qxe4 43.Qc3
d2+ 44.Kb2 Rd3 45.Qc8+ Kh7 46.gxh6 Qd5 47.Qc2 e4 48.hxg7 Be5+ 49.Kb1 Rb3+ {#R}
0-1